| 000 | 01053nam a2200301 c 4500 | ||
|---|---|---|---|
| 999 |
_c161620 _d161620 |
||
| 003 | BLK | ||
| 005 | 20220228142714.0 | ||
| 008 | 180410b bul|||||r ||||||| ||bul|| | ||
| 010 | _aKNG00168945000 | ||
| 040 | _aBLK | ||
| 041 |
_aBUL _cBUL |
||
| 072 | 7 |
_2bullib _aК _xКраезнание |
|
| 080 |
_aБългарска литература _b821.163.2 _x-32 _z821.163.2-32 |
||
| 100 | 1 |
_aЯнков, Димитър _eпърви автор _9380239 |
|
| 139 |
_aЯнков, Димитър _bЯ 60 |
||
| 245 | 1 | 0 |
_aГрад Русе през призмата на утринното кафе _bДелничен репортаж _cДимитър Янков. |
| 257 | _aBGR | ||
| 260 |
_c1936 _fРусе : Малджиев |
||
| 300 |
_a16 с. _c20 см |
||
| 380 | _aX | ||
| 500 | _a1 000 тир. | ||
| 659 | _aК | ||
| 852 | _aК 821.163.2/Я 60 Д | ||
| 856 | 4 | _qpdf | |
| 856 | 4 | _qpdf | |
| 942 |
_cKNG _n0 _s1 |
||
| 944 |
_aCR _c18.12.2014 _l18.12.2014 - от С1,Р / 18.12.2014 _kНора_Радева |
||
| 944 |
_aED _c18.12.2014 _l18.12.2014 - от С1,Р / 18.12.2014 |
||
| 999 | _d161620 | ||